AVON - Vállalat a nőkért

Bibliographic Details
Main Author: Kékvölgyi Anita
Other Authors: Hamburger Béla
Format: Thesis
Kulcsszavak:AVON
nők
Online Access:http://dolgozattar.uni-bge.hu/4234

MARC

LEADER 00000nta a2200000 i 4500
001 dolg4234
005 20161102155245.0
008 151207suuuu hu om 000 hun d
040 |a BGE Dolgozattár Repozitórium  |b hun 
041 |a hu 
100 1 |a Kékvölgyi Anita 
245 1 0 |a AVON - Vállalat a nőkért   |c Kékvölgyi Anita  |h [elektronikus dokumentum] 
695 |a AVON 
695 |a nők 
700 1 |a Hamburger Béla  |e ths 
856 4 0 |u http://dolgozattar.uni-bge.hu/4234/1/K%C3%A9kv%C3%B6lgyi%20Anita%20Szakdolgozat.pdf  |z Dokumentum-elérés